000 03148nab a2200253 i 4500
003 BR-BrBNA
005 20250626161744.0
008 250626b2018 bl.qr|pooa||| 00| 0 por |
040 _aBR-BrBNA
_bpor
072 _aF70
100 _aRibeiro, Rayane de Tasso Moreira
100 _aQueiroz, Rubens Teixeira de
100 _aLoiola, Maria Iracema Bezerra
245 _aTephrosia (Leguminosae) no estado do Ceará, Nordeste do Brasil
500 _aPublicação on-line; 32 ref.; 3 illus.; Summaries (En, Pt)
520 _a Resumo Este estudo realizou um levantamento florístico dos representantes de Tephrosia no estado do Ceará, como parte do projeto “Flora do Ceará”. O estudo foi baseado na análise comparativa dos caracteres morfológicos de espécimes depositados nos herbários EAC, ESA, HUEFS, IPA, MBM, MOSS, TEPB e UFRN, bibliografias especializadas, fotos de materiais-tipo, além de coletas e observações de campo. Para o estado foram registradas cinco espécies de Tephrosia: T. cinerea, T. domingensis, T. egregia, T. purpurea e T. sinapou. As espécies ocorrem preferencialmente próximo ao litoral, em solos arenosos e antropizados, como floresta estacional semidecidual das terras baixas (tabuleiro costeiro) e vegetação com influência marinha (restinga), com exceção de T. domingensis encontrada nos topos serranos em floresta ombrófila densa (mata úmida). Tephrosia sinapou é nova ocorrência para o Ceará. As espécies, em sua maioria, apresentam ampla distribuição e ocorrem em quatro unidades de conservação no Ceará. Palavras-chave: conservação, distribuição, Leguminosae, Millettieae, tabuleiro costeiro. Abstract This study presents a floristic survey of Tephrosia occurring in the Ceará state, as part of “Flora of Ceará” project. The study was based on the comparative analysis of morphological characters of specimens deposited in herbaria EAC, ESA, HUEFS, IPA, MBM, MOSS, TEPB and UFRN, bibliography, photo-type material, along with collections and field observations. Five species of Tephrosia were recorded in the state: T. cinerea, T. domingensis, T. egregia, T. purpurea e T. sinapou. The species occur preferentially near the coast, in sandy and antropic soils, like seasonal semideciduous forest of the lowlands (coastal board) and vegetation with marine influence (restinga), with the exception of T. domingensis founded in mountain tops in ombrofilous dense forest (wet forest). Tephrosia sinapou is a new record for Ceará state. Most species are widely distributed and occur in four natural reserves in Ceará. Key words: conservation, distribution, Leguminosae, Millettieae, coastal board.
650 _aCONSERVAÇÃO
650 _aDISTRIBUIÇÃO GEOGRÁFICA
650 _aLEGUMINOSAE
773 0 _0709
_9351158
_dRio de Janeiro-RJ Jardim Botanico do Rio de Janeiro 1935
_o2025-3781
_tRodriguésia (Brazil)
_x0370-6583; 2175-7860 on-line
_gv. 69(4) p. 1877-1887; (2018)
_wBR2025003045
856 _uhttps://www.scielo.br/j/rod/a/kfymMLjLQ7TyqTJR4skztLc/?format=pdf&lang=pt
942 _cANA
999 _c332248
_d332248